000 00365nam a22001457a 4500
005 20250220165957.0
008 250220b |||||||| |||| 00| 0 eng d
020 _a9780825428357
050 _aBT 235 HEN
_b1
100 _aHENGSTENGERG, E.W
245 _aChristology of the old testament
260 _aMICHIGAN
_bKREGEL
_c1970
300 _a715p
942 _2lcc
_cBK
_n0
999 _c3981
_d3981